[Event "Junior Online 4NCL Division 4"]
[Site "online"]
[Date "2021.03.04"]
[EventDate "2021.03.04"]
[Round "4.116"]
[White "Chen, William"]
[WhiteElo "1375"]
[WhiteTeam "Maidenhead Juniors 2"]
[Black "Corrall, Ruby"]
[BlackElo "934"]
[BlackTeam "Coldfall Knights"]
[Result "1-0"]
[PlyCount "91"]

1. e4 e5 2. Nf3 Nc6 3. Bc4 Bc5 4. c3 Nf6 5. d4 Bd6 6. Bb5 Nxe4 7. Bxc6 dxc6 8. dxe5 Be7 9. O-O O-O 10. Be3 Bg5 11. Nxg5 Nxg5 12. Qxd8 Rxd8 13. Bxg5 Rd5 14. f4 Rd2 15. Nxd2 b6 16. Nf3 Ba6 17. Rfd1 h6 18. Rd8+ Rxd8 19. Bxd8 Bd3 20. Bxc7 b5 21. Rd1 Bc2 22. Rd8+ Kh7 23. Ra8 c5 24. Rxa7 b4 25. cxb4 cxb4 26. Bd6 b3 27. a4 Be4 28. Nd4 Bd3 29. Nxb3 Bc4 30. Nd2 Bd5 31. b4 Bc4 32. b5 Bd5 33. a5 Kg6 34. b6 Bc6 35. b7 Bxb7 36. Rxb7 Kf5 37. a6 Ke6 38. a7 Kd5 39. a8=Q Ke6 40. Qe8+ Kf5 41. Rxf7+ Kg6 42. f5+ Kg5 43. Nf3+ Kf4 44. Qa4+ Ke3 45. Qd4+ Ke2 46. Qd2# 1-0

[Event "Junior Online 4NCL Division 4"]
[Site "online"]
[Date "2021.03.04"]
[EventDate "2021.03.04"]
[Round "4.117"]
[White "Richards, Hal"]
[WhiteElo "790"]
[WhiteTeam "Coldfall Knights"]
[Black "Maheshwaran, Arya"]
[BlackElo "1324"]
[BlackTeam "Maidenhead Juniors 2"]
[Result "0-1"]
[PlyCount "80"]

1. e4 c5 2. Bc4 e6 3. Nc3 Nc6 4. d3 d6 5. Be3 Nf6 6. Nf3 e5 7. Qd2 Be7 8. O-O-O h6 9. h3 Bd7 10. Qe1 Qc7 11. Bd5 O-O-O 12. Bxc6 Bxc6 13. a3 Rd7 14. b4 b6 15. bxc5 dxc5 16. d4 exd4 17. Bxd4 cxd4 18. Nxd4 Rhd8 19. Qe2 Rxd4 20. Rxd4 Rxd4 21. Rd1 Bxa3+ 22. Kb1 Rxd1+ 23. Qxd1 Nxe4 24. Nxe4 Bxe4 25. Qe2 Qxc2+ 26. Qxc2+ Bxc2+ 27. Kxc2 Bc5 28. Kd3 Kd7 29. Ke2 a5 30. f4 a4 31. Kd3 a3 32. Kc2 Kd6 33. Kb3 Kd5 34. Ka2 b5 35. g4 Kc4 36. h4 b4 37. g5 b3+ 38. Kb1 a2+ 39. Kb2 Bd4+ 40. Ka3 a1=Q# 0-1

[Event "Junior Online 4NCL Division 4"]
[Site "online"]
[Date "2021.03.04"]
[EventDate "2021.03.04"]
[Round "4.118"]
[White "Thorley, Luke"]
[WhiteElo "1300"]
[WhiteTeam "Maidenhead Juniors 2"]
[Black "Silver, Adam"]
[BlackElo "750"]
[BlackTeam "Coldfall Knights"]
[Result "1-0"]
[PlyCount "57"]

1. d4 d5 2. Bf4 Nc6 3. e3 Bf5 4. Nf3 Nf6 5. Bd3 Bxd3 6. Qxd3 Nb4 7. Qb5+ Nc6 8. Nbd2 a6 9. Qxb7 Kd7 10. Ne5+ Nxe5 11. dxe5 Ne8 12. Qxd5+ Kc8 13. Qxa8+ Kd7 14. Qxa6 f6 15. exf6 exf6 16. O-O-O Qb8 17. Nc4+ Ke7 18. Rd4 g5 19. Bg3 f5 20. Be5 Bg7 21. Bxg7 Nxg7 22. Rhd1 Ne6 23. Rd7+ Kf6 24. Qa5 f4 25. exf4 gxf4 26. Qe5+ Kg6 27. Qxe6+ Kg5 28. Rg7+ Kh4 29. Qg4# 1-0

[Event "Junior Online 4NCL Division 4"]
[Site "online"]
[Date "2021.03.04"]
[EventDate "2021.03.04"]
[Round "4.122"]
[White "Seet, Joshua"]
[WhiteElo "1383"]
[WhiteTeam "Woking Warriors"]
[Black "Zhao, George"]
[BlackElo "1363"]
[BlackTeam "JHJ Shark Tank 5"]
[Result "1-0"]
[PlyCount "93"]

1. d4 e6 2. c4 c6 3. Nc3 d5 4. cxd5 cxd5 5. Bf4 a6 6. Nf3 Nc6 7. e3 Bb4 8. a3 Ba5 9. Bd3 Nf6 10. O-O O-O 11. Qc2 h6 12. h3 Bc7 13. Bxc7 Qxc7 14. Rac1 Bd7 15. Na4 Qd6 16. Nc5 Rab8 17. b4 e5 18. dxe5 Nxe5 19. Nxe5 Qxe5 20. Bh7+ Kh8 21. Bd3 Bc6 22. a4 Qg5 23. b5 axb5 24. axb5 Bd7 25. Nxd7 Nxd7 26. Qc7 Ne5 27. f4 Qg3 28. Qxe5 Rfe8 29. Rf3 Qh4 30. Qxd5 Qe7 31. Qf5 g6 32. Qc5 Qe6 33. Bc4 Qe4 34. Bxf7 Re7 35. Bd5 Qf5 36. Qxe7 Qxd5 37. Qe5+ Qxe5 38. fxe5 Re8 39. Rc5 Kg7 40. Rc7+ Kg8 41. Rxb7 Rxe5 42. b6 Rb5 43. Rf6 Rg5 44. Rbf7 Rxg2+ 45. Kxg2 h5 46. b7 Kh8 47. b8=R# 1-0

[Event "Junior Online 4NCL Division 4"]
[Site "online"]
[Date "2021.03.04"]
[EventDate "2021.03.04"]
[Round "4.123"]
[White "Chen, George"]
[WhiteElo "1325"]
[WhiteTeam "JHJ Shark Tank 5"]
[Black "Phillips, Freddie"]
[BlackElo "1315"]
[BlackTeam "Woking Warriors"]
[Result "1-0"]
[PlyCount "59"]

1. e4 e5 2. Nf3 Nc6 3. Bc4 Bc5 4. c3 Nf6 5. d4 exd4 6. cxd4 Bb4+ 7. Nc3 Nxe4 8. O-O Nxc3 9. bxc3 Bxc3 10. Ba3 Bxa1 11. Re1+ Ne7 12. Rxe7+ Qxe7 13. Bxe7 Kxe7 14. Qxa1 Re8 15. Ng5 Kf8 16. Nxh7+ Kg8 17. Ng5 d6 18. Bxf7+ Kf8 19. Bxe8 Kxe8 20. Qe1+ Kf8 21. Qe3 Bf5 22. Qf4 g6 23. g4 Re8 24. gxf5 Re1+ 25. Kg2 Re8 26. fxg6+ Kg7 27. Qf7+ Kh6 28. f4 Re2+ 29. Kf3 Rxh2 30. Qh7# 1-0

[Event "Junior Online 4NCL Division 4"]
[Site "online"]
[Date "2021.03.04"]
[EventDate "2021.03.04"]
[Round "4.124"]
[White "Wicks, Alexander"]
[WhiteElo "1105"]
[WhiteTeam "Woking Warriors"]
[Black "Stehlin, Nathan"]
[BlackElo "1337"]
[BlackTeam "JHJ Shark Tank 5"]
[Result "0-1"]
[PlyCount "30"]

1. e4 c5 2. Nf3 e6 3. d4 d5 4. exd5 exd5 5. c4 Nf6 6. Nc3 cxd4 7. Nxd4 Nc6 8. Nxc6 bxc6 9. cxd5 cxd5 10. Bb5+ Bd7 11. a4 a6 12. Bxd7+ Qxd7 13. Bg5 Be7 14. Bxf6 Bxf6 15. Qxd5 Bxc3+ 0-1

[Event "Junior Online 4NCL Division 4"]
[Site "online"]
[Date "2021.03.04"]
[EventDate "2021.03.04"]
[Round "4.125"]
[White "Kairat, Alexander"]
[WhiteElo "1555"]
[WhiteTeam "Woking Warriors"]
[Black "Cancedda-Dupuis, Livio"]
[BlackElo "1289"]
[BlackTeam "JHJ Shark Tank 5"]
[Result "1-0"]
[PlyCount "47"]

1. Nf3 c5 2. c4 Nc6 3. d4 cxd4 4. Nxd4 e5 5. Nxc6 bxc6 6. Nc3 Nf6 7. f4 exf4 8. Bxf4 Bc5 9. e4 O-O 10. Bd3 Bb7 11. e5 Re8 12. Kd2 Bb4 13. exf6 Bxc3+ 14. bxc3 Qxf6 15. Rf1 d5 16. cxd5 cxd5 17. Qh5 g6 18. Qh6 Qe6 19. Rae1 Qc6 20. Be5 f6 21. Rxf6 Qc5 22. Rxg6+ hxg6 23. Qxg6+ Kf8 24. Qg7# 1-0

[Event "Junior Online 4NCL Division 4"]
[Site "online"]
[Date "2021.03.04"]
[EventDate "2021.03.04"]
[Round "4.126"]
[White "Zhao, George"]
[WhiteElo "1363"]
[WhiteTeam "JHJ Shark Tank 5"]
[Black "Seet, Joshua"]
[BlackElo "1383"]
[BlackTeam "Woking Warriors"]
[Result "1-0"]
[PlyCount "69"]

1. b3 c6 2. Bb2 d5 3. e3 Nf6 4. c4 Bf5 5. Nf3 e6 6. Nh4 Bg6 7. Nxg6 hxg6 8. h3 Nbd7 9. cxd5 cxd5 10. Nc3 a6 11. Rc1 Bd6 12. Be2 Nc5 13. O-O Nce4 14. d3 Nxc3 15. Rxc3 Bb4 16. Rc2 b5 17. a3 Bd6 18. b4 Qd7 19. Qd2 O-O 20. Rfc1 Rfc8 21. Bf3 Be7 22. Rc3 Rxc3 23. Rxc3 Rc8 24. Qc1 Rxc3 25. Qxc3 Nh5 26. Bxh5 Bf6 27. Qc2 Bxb2 28. Qxb2 gxh5 29. Qc3 g5 30. Qf6 g4 31. Qg5+ Kh7 32. Qxh5+ Kg7 33. Qxg4+ Kf6 34. f4 Qc6 35. Qg5# 1-0

[Event "Junior Online 4NCL Division 4"]
[Site "online"]
[Date "2021.03.04"]
[EventDate "2021.03.04"]
[Round "4.127"]
[White "Phillips, Freddie"]
[WhiteElo "1315"]
[WhiteTeam "Woking Warriors"]
[Black "Chen, George"]
[BlackElo "1325"]
[BlackTeam "JHJ Shark Tank 5"]
[Result "0-1"]
[PlyCount "80"]

1. e4 e6 2. Nc3 d5 3. Nf3 Nf6 4. e5 Nfd7 5. Bb5 c5 6. O-O Qb6 7. d3 d4 8. Bxd7+ Bxd7 9. Ne2 Nc6 10. Bg5 Be7 11. Bxe7 Nxe7 12. Rb1 Nd5 13. c4 Nb4 14. a3 Nc6 15. b4 cxb4 16. axb4 O-O 17. b5 Ne7 18. Nexd4 Nf5 19. Nxf5 exf5 20. d4 Qc7 21. c5 a6 22. b6 Qc6 23. Ng5 h6 24. Nf3 Qd5 25. Qd2 Bb5 26. Rfe1 Rad8 27. Rb4 Bc6 28. Nh4 Qe6 29. Re3 a5 30. Rbb3 f4 31. Red3 Qg4 32. Rh3 f3 33. Nxf3 Bxf3 34. Rbxf3 Rxd4 35. Qc2 Rfd8 36. Rd3 Qe4 37. Rhe3 Rxd3 38. Rxe4 Rd1+ 39. Qxd1 Rxd1+ 40. Re1 Rxe1# 0-1

[Event "Junior Online 4NCL Division 4"]
[Site "online"]
[Date "2021.03.04"]
[EventDate "2021.03.04"]
[Round "4.128"]
[White "Stehlin, Nathan"]
[WhiteElo "1337"]
[WhiteTeam "JHJ Shark Tank 5"]
[Black "Wicks, Alexander"]
[BlackElo "1105"]
[BlackTeam "Woking Warriors"]
[Result "1-0"]
[PlyCount "131"]

1. c4 d5 2. e3 Nf6 3. Nc3 e5 4. d4 e4 5. f3 Bf5 6. fxe4 Nxe4 7. Nxd5 c6 8. Nc3 Bb4 9. Qb3 Bxc3+ 10. bxc3 Qa5 11. Bd2 Nxd2 12. Kxd2 b6 13. Nf3 c5 14. Qb5+ Qxb5 15. cxb5 c4 16. Bxc4 Be4 17. Rhf1 O-O 18. Bd3 Re8 19. Bxe4 Rxe4 20. Kd3 Rg4 21. g3 Nd7 22. a4 Re8 23. Rab1 Rge4 24. Rbe1 Rd8 25. Ng5 Re7 26. Rf4 Ne5+ 27. Ke2 Nc4 28. Re4 Rc7 29. Rf1 f6 30. Ne6 Re8 31. Nxc7 Rxe4 32. Kd3 Nd6 33. Rf4 Re7 34. Nd5 Rd7 35. Nb4 Nf7 36. Re4 Ne5+ 37. Kc2 Nc4 38. Nc6 Rc7 39. Kb3 Nd2+ 40. Kc2 Nxe4 41. Kd3 Nf2+ 42. Ke2 Ng4 43. h3 Nh6 44. e4 Kf7 45. d5 Ng8 46. Kd3 Ne7 47. Kd4 Nxc6+ 48. dxc6 Ke6 49. c4 g5 50. g4 h6 51. e5 fxe5+ 52. Ke4 Kd6 53. Kf5 Kc5 54. Kxe5 Kxc4 55. Kd6 Rg7 56. c7 Rg6+ 57. Kd7 Rg7+ 58. Kc8 Rg8+ 59. Kb7 Rg7 60. Kb8 Rg8+ 61. Kxa7 Rc8 62. Kxb6 Kb4 63. Kb7 Rxc7+ 64. Kxc7 Kxa4 65. b6 Ka5 66. b7 1-0

[Event "Junior Online 4NCL Division 4"]
[Site "online"]
[Date "2021.03.04"]
[EventDate "2021.03.04"]
[Round "4.131"]
[White "Litvin, Theo"]
[WhiteElo "1099"]
[WhiteTeam "The Hall 3"]
[Black "Pipalia, Rishi"]
[BlackElo "1362"]
[BlackTeam "JHJ Shark Tank 6"]
[Result "1-0"]
[PlyCount "63"]

1. e4 e5 2. Nf3 Nc6 3. Bc4 Nf6 4. O-O Bc5 5. Nc3 O-O 6. d3 d6 7. Bg5 Bg4 8. Nd5 Nd4 9. Nxf6+ gxf6 10. Bh6 Re8 11. Kh1 Nxf3 12. gxf3 Bh5 13. Rg1+ Bg6 14. Rg2 Kh8 15. f4 exf4 16. Bxf4 c6 17. Qf3 Rg8 18. Rag1 a5 19. a4 Qe7 20. Rg3 Raf8 21. Rh3 f5 22. Re1 fxe4 23. dxe4 Bf5 24. Rg3 Rxg3 25. fxg3 d5 26. Qc3+ d4 27. Qd2 Be6 28. Bb3 Bxb3 29. cxb3 Bb4 30. Qxd4+ Kg8 31. Bh6 Bxe1 32. Qg7# 1-0

[Event "Junior Online 4NCL Division 4"]
[Site "online"]
[Date "2021.03.04"]
[EventDate "2021.03.04"]
[Round "4.132"]
[White "Sisupalan, Beni"]
[WhiteElo "1314"]
[WhiteTeam "JHJ Shark Tank 6"]
[Black "Payne, Luca"]
[BlackElo "1032"]
[BlackTeam "The Hall 3"]
[Result "1-0"]
[PlyCount "53"]

1. e4 e5 2. Nf3 Nf6 3. Nxe5 Nc6 4. Nxc6 dxc6 5. h3 Bd6 6. Nc3 Be6 7. d4 Qd7 8. e5 Bb4 9. exf6 gxf6 10. Be2 O-O-O 11. Bg4 Kb8 12. Be3 f5 13. Bf3 Bd5 14. Qe2 Rde8 15. Bxd5 Qxd5 16. f3 Bxc3+ 17. bxc3 f4 18. O-O Rxe3 19. Qd2 Rg8 20. Rae1 Rxf3 21. Rxf3 Qxf3 22. Re8+ Rxe8 23. gxf3 a6 24. Qxf4 Re1+ 25. Kf2 Ra1 26. Qxf7 Rxa2 27. Qxa2 1-0

[Event "Junior Online 4NCL Division 4"]
[Site "online"]
[Date "2021.03.04"]
[EventDate "2021.03.04"]
[Round "4.133"]
[White "Kohli, Aryan"]
[WhiteElo "1083"]
[WhiteTeam "The Hall 3"]
[Black "Bryant, Amelie"]
[BlackElo "1315"]
[BlackTeam "JHJ Shark Tank 6"]
[Result "1-0"]
[PlyCount "103"]

1. d4 d5 2. Bf4 Bf5 3. e3 Nc6 4. c3 Nf6 5. Bd3 e6 6. Bxf5 exf5 7. Qd3 Ne4 8. f3 Bd6 9. Bxd6 Qxd6 10. fxe4 dxe4 11. Qc2 O-O 12. Ne2 Qg6 13. O-O Qg5 14. Qd2 Ne7 15. Ng3 Ng6 16. Rxf5 Qg4 17. Rf1 Rad8 18. Na3 Rd5 19. Qf2 Rg5 20. Nc4 Nh4 21. Ne5 Qe6 22. Nxe4 Rxg2+ 23. Qxg2 Nxg2 24. Kxg2 f6 25. Nc5 Qd5+ 26. Nf3 b6 27. Nb3 Re8 28. Kf2 g5 29. Ke2 g4 30. Nfd2 Qf3+ 31. Nxf3 gxf3+ 32. Rxf3 Re7 33. Rxf6 Rg7 34. Raf1 h5 35. Rf8+ Kh7 36. R8f5 Kh6 37. Rf6+ Kg5 38. R6f2 Re7 39. Rf5+ Kg4 40. R1f4+ Kh3 41. Rxh5+ Kg2 42. Rg5+ Kh1 43. Rf1+ Kxh2 44. Rf4 Rh7 45. Rff5 Re7 46. Rg6 Rh7 47. Kf2 Rh3 48. Rg2+ Kh1 49. Rg1+ Kh2 50. Rfg5 Rh6 51. R5g2+ Kh3 52. Rh1# 1-0

[Event "Junior Online 4NCL Division 4"]
[Site "online"]
[Date "2021.03.04"]
[EventDate "2021.03.04"]
[Round "4.134"]
[White "Sharma, Ishaan"]
[WhiteElo "1328"]
[WhiteTeam "JHJ Shark Tank 6"]
[Black "Agarwal, Mihir"]
[BlackElo "1098"]
[BlackTeam "The Hall 3"]
[Result "0-1"]
[PlyCount "106"]

1. d4 d5 2. Nf3 Nc6 3. Bf4 Bf5 4. c3 e6 5. Nbd2 h6 6. e3 Nf6 7. Bb5 Qd7 8. O-O a6 9. Ba4 b5 10. Bc2 Bd6 11. Re1 O-O 12. Bxf5 exf5 13. a4 Ne4 14. Bxd6 Qxd6 15. Nxe4 fxe4 16. Ne5 Nxe5 17. dxe5 Qxe5 18. Qg4 c6 19. axb5 cxb5 20. b4 Qxc3 21. Rab1 a5 22. Rec1 Qe5 23. bxa5 Rxa5 24. Rc8 Ra1 25. Rxf8+ Kxf8 26. Qc8+ Ke7 27. Qb7+ Kf6 28. Qxb5 Rxb1+ 29. Qxb1 d4 30. f4 Qc5 31. exd4 Qxd4+ 32. Kf1 e3 33. g3 Qc4+ 34. Ke1 Qc3+ 35. Ke2 Qd2+ 36. Kf3 e2 37. Qb6+ Ke7 38. Qc5+ Kf6 39. Qe5+ Kg6 40. Qxe2 Qxe2+ 41. Kxe2 Kf5 42. Kf3 f6 43. g4+ Ke6 44. Ke4 g6 45. h4 f5+ 46. gxf5+ gxf5+ 47. Kf3 Kd5 48. Kg3 Ke4 49. h5 Ke3 50. Kg2 Kxf4 51. Kf2 Kg5 52. Kf3 Kxh5 53. Kf4 Kg6 0-1

[Event "Junior Online 4NCL Division 4"]
[Site "online"]
[Date "2021.03.04"]
[EventDate "2021.03.04"]
[Round "4.135"]
[White "Pipalia, Rishi"]
[WhiteElo "1362"]
[WhiteTeam "JHJ Shark Tank 6"]
[Black "Litvin, Theo"]
[BlackElo "1099"]
[BlackTeam "The Hall 3"]
[Result "0-1"]
[PlyCount "24"]

1. c4 e5 2. Nc3 Bc5 3. e3 Nf6 4. Nge2 Nc6 5. g3 d6 6. Bg2 Bg4 7. O-O Qd7 8. b3 Bh3 9. Bb2 O-O 10. Re1 Nb4 11. Bxb7 Rab8 12. Bg2 Nd3 0-1

[Event "Junior Online 4NCL Division 4"]
[Site "online"]
[Date "2021.03.04"]
[EventDate "2021.03.04"]
[Round "4.136"]
[White "Payne, Luca"]
[WhiteElo "1032"]
[WhiteTeam "The Hall 3"]
[Black "Sisupalan, Beni"]
[BlackElo "1314"]
[BlackTeam "JHJ Shark Tank 6"]
[Result "0-1"]
[PlyCount "126"]

1. d4 Nf6 2. c4 g6 3. Nc3 Bg7 4. Bf4 O-O 5. Nf3 d6 6. e4 Nbd7 7. Bd3 Re8 8. O-O e5 9. dxe5 dxe5 10. Bg5 h6 11. Be3 Nb6 12. Nd2 Qxd3 13. c5 Nbd7 14. Qb3 Qa6 15. f4 b6 16. fxe5 Nxe5 17. Bd4 bxc5 18. Bxc5 Qb7 19. Rf2 Qxb3 20. Nxb3 Nd3 21. Rd2 Nxc5 22. Nxc5 Be6 23. Rad1 Kh7 24. e5 Ng4 25. Re1 Nxe5 26. Rde2 Nc6 27. Nxe6 fxe6 28. Rxe6 Rxe6 29. Rxe6 Bxc3 30. bxc3 Na5 31. Re7+ Kg8 32. Rxc7 Rb8 33. Rxa7 Nc6 34. Rc7 Ne5 35. Kf2 Rb2+ 36. Kg3 Rxa2 37. Rc8+ Kf7 38. Rc7+ Ke6 39. Rh7 Nf7 40. Rg7 Kf6 41. Rg8 Ra3 42. Rc8 Nd6 43. Rc6 Ke7 44. Kf4 Nb5 45. c4 Nd6 46. c5 Nf7 47. Rc7+ Kf8 48. c6 Rc3 49. Rc8+ Kg7 50. g4 g5+ 51. Ke4 Nd6+ 52. Kd5 Nxc8 53. h3 Rxh3 54. Ke6 Rg3 55. Kd7 Nb6+ 56. Kc7 Nd5+ 57. Kd6 Rd3 58. Ke6 Kg6 59. Ke5 h5 60. gxh5+ Kxh5 61. Kd6 g4 62. c7 Nxc7+ 63. Kxc7 g3 0-1

[Event "Junior Online 4NCL Division 4"]
[Site "online"]
[Date "2021.03.04"]
[EventDate "2021.03.04"]
[Round "4.137"]
[White "Bryant, Amelie"]
[WhiteElo "1315"]
[WhiteTeam "JHJ Shark Tank 6"]
[Black "Kohli, Aryan"]
[BlackElo "1083"]
[BlackTeam "The Hall 3"]
[Result "1-0"]
[PlyCount "71"]

1. d4 d5 2. c4 c6 3. Nc3 Bf5 4. Bf4 e6 5. e3 Bd6 6. Bd3 Bxd3 7. Qxd3 Bxf4 8. exf4 Qd6 9. g3 Nf6 10. Nf3 O-O 11. O-O Nbd7 12. Ne5 Nb6 13. c5 Qc7 14. cxb6 Qxb6 15. Na4 Qa5 16. Nc5 Qb6 17. Ned7 Nxd7 18. Nxd7 Qxb2 19. Nxf8 Rxf8 20. Rab1 Qxa2 21. Rxb7 Rc8 22. Qf3 c5 23. Qh5 Rf8 24. Re7 c4 25. Qf3 a5 26. Qc3 a4 27. Ra1 Qb3 28. Qa5 Rb8 29. Qxa4 Qxa4 30. Rxa4 Rb1+ 31. Kg2 Rb8 32. Raa7 Rf8 33. Reb7 Kh8 34. Rxf7 Rxf7 35. Ra8+ Rf8 36. Rxf8# 1-0

[Event "Junior Online 4NCL Division 4"]
[Site "online"]
[Date "2021.03.04"]
[EventDate "2021.03.04"]
[Round "4.138"]
[White "Agarwal, Mihir"]
[WhiteElo "1098"]
[WhiteTeam "The Hall 3"]
[Black "Sharma, Ishaan"]
[BlackElo "1328"]
[BlackTeam "JHJ Shark Tank 6"]
[Result "1-0"]
[PlyCount "109"]

1. d4 Nf6 2. Nf3 d5 3. Bf4 g6 4. Nc3 Bg7 5. Nb5 O-O 6. Nxc7 Qd7 7. Nxa8 b6 8. Nc7 Nc6 9. Ne5 Qxc7 10. Nxg6 Qd7 11. Nxf8 Kxf8 12. e3 Nb4 13. a3 Nc6 14. Bb5 Qb7 15. Qd3 a6 16. Ba4 b5 17. Bb3 h6 18. c3 Kg8 19. O-O Be6 20. f3 Qd7 21. Bc2 Na5 22. e4 dxe4 23. fxe4 Nb3 24. e5 Ng4 25. Rae1 Bc4 26. Qh7+ Kf8 27. Bxh6 Nxh6 28. Rf3 Nd2 29. Rf2 Nb3 30. Qg6 Na5 31. b4 Nc6 32. Be4 Nd8 33. d5 Bxd5 34. Bxd5 Qxd5 35. Ref1 Bxe5 36. Qxh6+ Bg7 37. Qg6 f6 38. Qc2 Ne6 39. Rd2 Qe5 40. Re2 Qd6 41. Rd1 Qb6+ 42. Kh1 Nf4 43. Ree1 Qc6 44. Qe4 Qc7 45. Rf1 Bh6 46. g3 Nh5 47. Qg6 Qc6+ 48. Kg1 Be3+ 49. Rf2 Bxf2+ 50. Kxf2 Qb6+ 51. Kg2 Qc6+ 52. Kh3 Qe6+ 53. Qg4 Qe5 54. Rd8+ Kf7 55. Qg8# 1-0

[Event "Junior Online 4NCL Division 4"]
[Site "online"]
[Date "2021.03.04"]
[EventDate "2021.03.04"]
[Round "4.141"]
[White "Wu, Feitong"]
[WhiteElo "1390"]
[WhiteTeam "Forest Hall Juniors"]
[Black "Thorburn, Rory"]
[BlackElo "993"]
[BlackTeam "Tetherdown Knights"]
[Result "1-0"]
[PlyCount "71"]

1. e4 e5 2. Nc3 Nc6 3. Bc4 Bc5 4. Qg4 Qf6 5. Nd5 Qg6 6. Qxg6 fxg6 7. Nxc7+ Kf8 8. Nxa8 Nd4 9. Bb3 Nxb3 10. axb3 Nf6 11. d3 Ng4 12. Be3 Bxe3 13. fxe3 Nxe3 14. Kd2 Nxg2 15. Ne2 Nf4 16. Rhf1 g5 17. Rxa7 d6 18. Nb6 Bh3 19. Rxf4+ exf4 20. Ra8+ Kf7 21. Rxh8 h6 22. Rb8 Kg6 23. Nd5 Bd7 24. Rxb7 Bc6 25. Ne7+ Kf6 26. Nxc6 Kg6 27. e5 f3 28. Ng3 f2 29. exd6 f1=Q 30. Nxf1 h5 31. d7 Kf5 32. d8=Q Kg4 33. Qd4+ Kh3 34. Re7 Kg2 35. Re2+ Kxf1 36. Qf2# 1-0

[Event "Junior Online 4NCL Division 4"]
[Site "online"]
[Date "2021.03.04"]
[EventDate "2021.03.04"]
[Round "4.142"]
[White "Murphy, Sam"]
[WhiteElo "910"]
[WhiteTeam "Tetherdown Knights"]
[Black "Johnston, Alexander"]
[BlackElo "1464"]
[BlackTeam "Forest Hall Juniors"]
[Result "0-1"]
[PlyCount "98"]

1. d4 d5 2. c4 c6 3. Nc3 Nf6 4. Nf3 Bf5 5. Bg5 e6 6. e3 Be7 7. Bd3 Bxd3 8. Qxd3 h6 9. Bf4 Nbd7 10. O-O c5 11. Nb5 O-O 12. Rac1 a6 13. Nc3 Rc8 14. Rfe1 cxd4 15. Nxd4 Rxc4 16. Nxd5 Rxc1 17. Nxe7+ Qxe7 18. Rxc1 e5 19. Nf5 Qe6 20. Bg3 e4 21. Nxg7 exd3 22. Nxe6 fxe6 23. Rd1 Nc5 24. Bd6 Rc8 25. h3 Nfe4 26. f3 Nxd6 27. e4 Kf7 28. e5 Nc4 29. Rc1 d2 30. Rd1 Nxb2 31. Rxd2 Nc4 32. Rc2 b5 33. a4 Ne3 34. Re2 Nd5 35. axb5 axb5 36. Rc2 b4 37. Kf2 b3 38. Rb2 Nd3+ 39. Ke2 Nxb2 40. Kd2 Na4 41. Kd1 b2 42. Kd2 b1=Q 43. Ke2 Qc2+ 44. Kf1 Qd3+ 45. Kg1 Rc1+ 46. Kh2 Qd2 47. Kg3 Rc2 48. Kg4 Qxg2+ 49. Kh5 Qg5# 0-1

[Event "Junior Online 4NCL Division 4"]
[Site "online"]
[Date "2021.03.04"]
[EventDate "2021.03.04"]
[Round "4.143"]
[White "Hutchins, Andrew"]
[WhiteElo "1449"]
[WhiteTeam "Forest Hall Juniors"]
[Black "Cartwright, Ethan"]
[BlackElo "956"]
[BlackTeam "Tetherdown Knights"]
[Result "1-0"]
[PlyCount "87"]

1. d4 d5 2. e4 dxe4 3. Nc3 e3 4. fxe3 Nc6 5. Nf3 Bg4 6. Bc4 e6 7. O-O Nf6 8. h3 Bf5 9. e4 Nxe4 10. Nxe4 Bxe4 11. Ng5 Bf5 12. Rxf5 exf5 13. Nxf7 Qxd4+ 14. Qxd4 Nxd4 15. Nxh8 Nxc2 16. Rb1 Bc5+ 17. Kh1 O-O-O 18. Nf7 Rd1+ 19. Kh2 Bd6+ 20. Nxd6+ cxd6 21. Bb3 f4 22. Bxc2 Re1 23. Bxf4 Rxb1 24. Bxb1 Kd7 25. Bxh7 b6 26. Bd3 Kc6 27. Kg3 a5 28. a4 d5 29. Be5 g5 30. Kg4 Kc5 31. Kxg5 d4 32. h4 Kd5 33. Bc7 b5 34. Bxb5 Kc5 35. h5 Kd5 36. h6 Ke6 37. h7 Kd5 38. h8=Q Kc5 39. Qe5+ Kb4 40. Qxd4+ Kb3 41. Qc3+ Ka2 42. Bc4+ Kb1 43. Bd3+ Ka2 44. Qa3# 1-0

[Event "Junior Online 4NCL Division 4"]
[Site "online"]
[Date "2021.03.04"]
[EventDate "2021.03.04"]
[Round "4.144"]
[White "Glynne, Jacob"]
[WhiteElo "829"]
[WhiteTeam "Tetherdown Knights"]
[Black "Mohindra, Arun"]
[BlackElo "1275"]
[BlackTeam "Forest Hall Juniors"]
[Result "0-1"]
[PlyCount "68"]

1. e4 Nf6 2. Nc3 d5 3. exd5 Nxd5 4. Nxd5 Qxd5 5. Nf3 Bg4 6. c4 Qd6 7. b3 Nc6 8. a3 e6 9. b4 b6 10. Qc2 Bf5 11. Qd1 Bd3 12. Bxd3 Qxd3 13. Ng1 Qxc4 14. Nh3 Nd4 15. d3 Qc2 16. Qh5 g6 17. Qg4 Bg7 18. Ng1 Nb3 19. Nf3 Nxa1 20. O-O Qxd3 21. Ne1 Qf5 22. Qh4 Rd8 23. b5 O-O 24. Nf3 Qxb5 25. g3 Qh5 26. Qe4 f5 27. Qe2 e5 28. Qe3 Bh6 29. Qxh6 Qxf3 30. Bg5 Rd1 31. Bf6 Rxf1+ 32. Kxf1 Rxf6 33. Qh4 Rd6 34. Qe7 Rd1# 0-1

[Event "Junior Online 4NCL Division 4"]
[Site "online"]
[Date "2021.03.04"]
[EventDate "2021.03.04"]
[Round "4.145"]
[White "Thorburn, Rory"]
[WhiteElo "993"]
[WhiteTeam "Tetherdown Knights"]
[Black "Wu, Feitong"]
[BlackElo "1390"]
[BlackTeam "Forest Hall Juniors"]
[Result "0-1"]
[PlyCount "68"]

1. e4 e6 2. Nf3 d5 3. exd5 exd5 4. Qe2+ Be7 5. Nc3 Nf6 6. d3 O-O 7. Bg5 Re8 8. O-O-O Bg4 9. Bxf6 Bxf6 10. Qd2 c6 11. h3 Bh5 12. Kb1 h6 13. Re1 Bxf3 14. Rxe8+ Qxe8 15. gxf3 Nd7 16. a3 Rd8 17. Bg2 Qe7 18. Re1 Qc5 19. h4 Bxh4 20. d4 Qb6 21. Qd3 Bxf2 22. Re2 Qxd4 23. Qf5 Bh4 24. Nxd5 Qxd5 25. Qg4 Qd1+ 26. Ka2 Qxe2 27. Qxh4 Nf6 28. Bh3 Qxf3 29. b3 Rd5 30. Bc8 Qe4 31. Qf2 Qd4 32. Qe2 Qd2 33. Qe7 Qxc2+ 34. Ka1 Rd1# 0-1

[Event "Junior Online 4NCL Division 4"]
[Site "online"]
[Date "2021.03.04"]
[EventDate "2021.03.04"]
[Round "4.146"]
[White "Johnston, Alexander"]
[WhiteElo "1464"]
[WhiteTeam "Forest Hall Juniors"]
[Black "Murphy, Sam"]
[BlackElo "910"]
[BlackTeam "Tetherdown Knights"]
[Result "1-0"]
[PlyCount "101"]

1. e4 e5 2. Nf3 Nc6 3. d4 exd4 4. Nxd4 Nf6 5. Nc3 Bc5 6. Be3 d6 7. Nxc6 bxc6 8. Bxc5 dxc5 9. Qxd8+ Kxd8 10. Bc4 Rb8 11. b3 Ke8 12. Rd1 Kf8 13. Rd8+ Ke7 14. Rxh8 Ng4 15. O-O Ne5 16. Be2 Ng6 17. Rg8 Nf4 18. Rd1 Nxg2 19. Kxg2 Bh3+ 20. Kxh3 Rxg8 21. Bg4 g6 22. Rd7+ Kf6 23. Rxc7 h5 24. Rxc6+ Ke7 25. Bf3 Rh8 26. Rxc5 Kf6 27. e5+ Kf5 28. Be4+ Kf4 29. Bg2 g5 30. Ne2+ Kf5 31. Bd5 g4+ 32. Kg2 h4 33. Bxf7 h3+ 34. Kg3 Kg5 35. e6+ Kf6 36. Nf4 Rd8 37. Nd5+ Kg7 38. e7 Ra8 39. e8=Q Rxe8 40. Bxe8 Kf8 41. Bd7 Kf7 42. Bxg4 Kg6 43. Nc7 a5 44. Rf5 a4 45. b4 a3 46. b5 Kh6 47. b6 Kg6 48. b7 Kg7 49. b8=Q Kg6 50. Qg8+ Kh6 51. Rh5# 1-0

[Event "Junior Online 4NCL Division 4"]
[Site "online"]
[Date "2021.03.04"]
[EventDate "2021.03.04"]
[Round "4.147"]
[White "Cartwright, Ethan"]
[WhiteElo "956"]
[WhiteTeam "Tetherdown Knights"]
[Black "Hutchins, Andrew"]
[BlackElo "1449"]
[BlackTeam "Forest Hall Juniors"]
[Result "0-1"]
[PlyCount "66"]

1. e4 c5 2. Nf3 e6 3. Bc4 d5 4. exd5 exd5 5. Bb5+ Nc6 6. Qe2+ Be7 7. Bxc6+ bxc6 8. O-O Nf6 9. d3 O-O 10. c4 Re8 11. cxd5 cxd5 12. Nc3 Bd6 13. Qd2 d4 14. Nd1 Bg4 15. Re1 Bxf3 16. Rxe8+ Qxe8 17. gxf3 Qe5 18. f4 Qh5 19. b3 Ng4 20. f3 Nf6 21. Qf2 Qg6+ 22. Kf1 Qxd3+ 23. Ke1 Re8+ 24. Ne3 dxe3 25. Bxe3 Rxe3+ 26. Qxe3 Qxe3+ 27. Kd1 Qd4+ 28. Ke1 Qxa1+ 29. Kd2 Bxf4+ 30. Ke2 Qxa2+ 31. Kf1 Be3 32. Ke1 Qf2+ 33. Kd1 Qd2# 0-1